000 00574nam a2200193 i 4500
001 52095
003 ES-MaACL
005 20250316174435.0
007 t|
008 030825s1974 mx ||||1| spa d
100 1 _aChomsky, Noam,
_d1928-
_938607
245 1 3 _aEl pacifismo revolucionario /
_cpor Noam Chomsky ; [traducción de Elsa Cecilia Frost].
250 _a[2ª ed.].
260 _aMéxico :
_bSiglo Veintiuno,
_c[1974]
300 _a117 p. ;
_c18 cm.
700 1 _aFrost, Elsa Cecilia.
_952750
852 _aES-MaACL
_jL-7945
_bR.108593
999 _c52095
_d52095